[Event "Titled Tuesday intern op 14th Dec"]
[Site "Chess.com INT"]
[Date "2021.12.14"]
[Round "7"]
[White "Artemyeva, Olga"]
[Black "Roque Sola, Gisela"]
[Result "0-1"]
[WhiteElo "2067"]
[BlackElo "2057"]
[PlyCount "110"]
[EventDate "2021.12.14"]
[EventType "swiss (blitz)"]
[EventRounds "11"]
[EventCountry "USA"]
[SourceTitle "EXT 2023"]
[Source "ChessBase"]
[SourceDate "2022.10.05"]
[SourceVersion "1"]
[SourceVersionDate "2022.10.05"]
[SourceQuality "1"]

1. d4 Nf6 2. Nf3 e6 3. Bg5 c5 4. e3 h6 5. Bh4 Be7 6. Bd3 b6 7. c3 Ba6 8. Ne5 Bxd3 9. Qxd3 0-0 10. Bxf6 Bxf6 11. Ng4 Nc6 12. Nd2 d5 13. Nxf6+ Qxf6 14. Nf3 Rac8 15. 0-0 Rfd8 16. a4 e5 17. dxe5 Nxe5 18. Nxe5 Qxe5 19. a5 Qe4 20. Qxe4 dxe4 21. axb6 axb6 22. Rfd1 Kf8 23. f3 exf3 24. gxf3 Ke7 25. Kf2 Rxd1 26. Rxd1 Rd8 27. Rb1 Rd2+ 28. Kg3 Rd3 29. e4 Ke6 30. Ra1 Rd2 31. Rb1 Ke5 32. b4 c4 33. Rc1 g5 34. h3 f5 35. exf5 Kxf5 36. b5 Rd3 37. Rc2 h5 38. Kf2 Kf4 39. Kg2 Rxf3 40. Rd2 Rd3 41. Rf2+ Ke4 42. Re2+ Kf5 43. Rf2+ Kg6 44. Rc2 Re3 45. Kh2 Kf5 46. Kg2 Ke4 47. Kh2 Kd3 48. Rc1 Re2+ 49. Kg3 Rc2 50. Rf1 Kxc3 51. Rf3+ Kb4 52. Rf5 Rc3+ 53. Kg2 g4 54. h4 Rh3 55. Rxh5 c3 0-1

[Event "Titled Tuesday intern op 14th Dec"]
[Site "Chess.com INT"]
[Date "2021.12.14"]
[Round "9"]
[White "Artemyeva, Olga"]
[Black "Varney, Zoe"]
[Result "1-0"]
[WhiteElo "2067"]
[BlackElo "1981"]
[PlyCount "53"]
[EventDate "2021.12.14"]
[EventType "swiss (blitz)"]
[EventRounds "11"]
[EventCountry "USA"]
[SourceTitle "EXT 2023"]
[Source "ChessBase"]
[SourceDate "2022.10.05"]
[SourceVersion "1"]
[SourceVersionDate "2022.10.05"]
[SourceQuality "1"]

1. d4 d5 2. Nf3 Nf6 3. Bg5 e6 4. e3 Be7 5. Bd3 Nbd7 6. 0-0 h6 7. Bh4 0-0 8. Nbd2 c5 9. c3 cxd4 10. exd4 Re8 11. Re1 Nf8 12. Ne5 N6d7 13. Bxe7 Qxe7 14. Ndf3 Nxe5 15. dxe5 b6 16. Rc1 Bb7 17. Nd4 Rac8 18. Bb1 Qc7 19. Re3 a6 20. f4 b5 21. Rg3 Kh8 22. Qg4 Ng6 23. Bxg6 fxg6 24. Qxg6 b4 25. Nxe6 Rxe6 26. Qxe6 bxc3 27. Rgxc3 1-0

[Event "Titled Tuesday intern op 14th Dec"]
[Site "Chess.com INT"]
[Date "2021.12.14"]
[Round "5"]
[White "Artemyeva, Olga"]
[Black "Wiegmann, Sascha"]
[Result "1-0"]
[WhiteElo "2067"]
[BlackElo "2280"]
[PlyCount "111"]
[EventDate "2021.12.14"]
[EventType "swiss (blitz)"]
[EventRounds "11"]
[EventCountry "USA"]
[SourceTitle "EXT 2023"]
[Source "ChessBase"]
[SourceDate "2022.10.05"]
[SourceVersion "1"]
[SourceVersionDate "2022.10.05"]
[SourceQuality "1"]

1. d4 Nf6 2. Nf3 g6 3. Bg5 Bg7 4. e3 0-0 5. Bd3 d6 6. 0-0 Nbd7 7. c3 Qe8 8. e4 e5 9. Re1 h6 10. dxe5 hxg5 11. exf6 Bxf6 12. Qd2 Qe7 13. c4 Kg7 14. Nc3 c6 15. h3 Rh8 16. Nh2 Ne5 17. Be2 Be6 18. Rad1 Rad8 19. b3 g4 20. Bxg4 Nxg4 21. Nxg4 Bxg4 22. hxg4 Qe5 23. Ne2 Qh2+ 24. Kf1 Qh1+ 25. Ng1 Rh2 26. f3 c5 27. Qe2 Bd4 28. Rxd4 cxd4 29. Rd1 d5 30. exd5 Re8 31. Qf2 Rhh8 32. Qxd4+ f6 33. Qf2 Qh2 34. d6 Qe5 35. d7 Rd8 36. c5 Rhe8 37. f4 Qe4 38. dxe8N+ Rxe8 39. Qe2 Qxe2+ 40. Nxe2 Re4 41. Rd7+ Kh6 42. Rxb7 f5 43. g5+ Kh5 44. Ng3+ Kg4 45. Nxe4 Kxf4 46. c6 Kxe4 47. c7 Kf4 48. c8Q Kxg5 49. Qd8+ Kg4 50. Rg7 Kf4 51. Rxg6 Ke4 52. Re6+ Kf4 53. Qd4+ Kg5 54. Qe3+ Kg4 55. Rg6+ Kh5 56. Qg5# 1-0

[Event "Titled Tuesday intern op 14th Dec"]
[Site "Chess.com INT"]
[Date "2021.12.14"]
[Round "2"]
[White "Berezin, Viktor1111"]
[Black "Artemyeva, Olga"]
[Result "1-0"]
[WhiteElo "2307"]
[BlackElo "2067"]
[PlyCount "99"]
[EventDate "2021.12.14"]
[EventType "swiss (blitz)"]
[EventRounds "11"]
[EventCountry "USA"]
[SourceTitle "EXT 2023"]
[Source "ChessBase"]
[SourceDate "2022.10.05"]
[SourceVersion "1"]
[SourceVersionDate "2022.10.05"]
[SourceQuality "1"]

1. d4 d5 2. c4 c6 3. Nf3 Nf6 4. e3 Bg4 5. Qb3 Qb6 6. Ne5 Bf5 7. c5 Qxb3 8. axb3 Nbd7 9. f4 Nxe5 10. fxe5 Nd7 11. b4 f6 12. exf6 gxf6 13. b5 e5 14. Nc3 Bh6 15. bxc6 bxc6 16. Ba6 exd4 17. exd4 Bxc1 18. Rxc1 Kf7 19. 0-0 Be6 20. Bb7 Rab8 21. Bxc6 Rxb2 22. Bxd7 Bxd7 23. Nxd5 f5 24. c6 Rg8 25. Nf4 Be6 26. g3 Rd2 27. Rfe1 Bc8 28. d5 Rd4 29. Rcd1 Rxf4 30. d6 Re4 31. Rxe4 fxe4 32. d7 Bxd7 33. Rxd7+ Ke6 34. Rxa7 Rc8 35. Rxh7 e3 36. Kf1 Kd5 37. Ke2 Rxc6 38. Kxe3 Re6+ 39. Kf4 Rf6+ 40. Kg5 Rf8 41. Rg7 Ke6 42. h4 Rf5+ 43. Kg4 Kf6 44. Rg5 Rf1 45. Ra5 Kg7 46. Kg5 Re1 47. g4 Re4 48. h5 Re6 49. Ra7+ Kg8 50. Kf5 1-0

[Event "Titled Tuesday intern op 14th Dec"]
[Site "Chess.com INT"]
[Date "2021.12.14"]
[Round "8"]
[White "Bon, Michael"]
[Black "Artemyeva, Olga"]
[Result "1-0"]
[WhiteElo "2408"]
[BlackElo "2067"]
[PlyCount "95"]
[EventDate "2021.12.14"]
[EventType "swiss (blitz)"]
[EventRounds "11"]
[EventCountry "USA"]
[SourceTitle "EXT 2023"]
[Source "ChessBase"]
[SourceDate "2022.10.05"]
[SourceVersion "1"]
[SourceVersionDate "2022.10.05"]
[SourceQuality "1"]

1. e4 e5 2. Nc3 Nf6 3. Nf3 Nc6 4. a3 Bc5 5. Nxe5 Bxf2+ 6. Kxf2 Nxe5 7. d4 Nfg4+ 8. Kg3 Qf6 9. Bf4 Ng6 10. Qxg4 d5 11. Qg5 Nxf4 12. Qxf4 Qg6+ 13. Kf2 0-0 14. Nxd5 Kh8 15. Bd3 c6 16. Ne7 Qh5 17. Nxc8 Raxc8 18. Rhe1 c5 19. d5 c4 20. Be2 Qg6 21. Bf3 f5 22. e5 Qb6+ 23. Qe3 Qxb2 24. Rab1 Qxc2+ 25. Qe2 Qa4 26. Rxb7 c3 27. d6 c2 28. Rc1 Qd4+ 29. Qe3 Qa4 30. e6 f4 31. Qxa7 Qc4 32. Rxg7 Qd3 33. Rxh7+ Qxh7 34. Qxh7+ Kxh7 35. d7 Kg7 36. e7 Kf7 37. d8Q Rfxd8 38. exd8Q Rxd8 39. Rxc2 Rd3 40. Ra2 Rd6 41. a4 Ra6 42. a5 Ra7 43. a6 Kf6 44. Bb7 Ke5 45. Rc2 Kd4 46. Kf3 Kd3 47. Rc8 Kd4 48. Ra8 1-0

[Event "Titled Tuesday intern op 7th April"]
[Site "Chess.com INT"]
[Date "2020.04.07"]
[Round "7"]
[White "Coe, William R"]
[Black "Artemyeva, Olga"]
[Result "0-1"]
[WhiteElo "2078"]
[BlackElo "2252"]
[PlyCount "86"]
[EventDate "2020.04.07"]
[EventType "swiss (blitz)"]
[EventRounds "10"]
[EventCountry "USA"]
[SourceTitle "EXT 2021"]
[Source "ChessBase"]
[SourceDate "2020.10.23"]
[SourceVersion "1"]
[SourceVersionDate "2020.10.23"]
[SourceQuality "1"]

1. e4 e5 2. Nf3 Nc6 3. Bb5 a6 4. Ba4 b5 5. Bb3 Nf6 6. 0-0 Bc5 7. Re1 0-0 8. c3 d6 9. d4 Bb6 10. h3 h6 11. a4 Bb7 12. d5 Nb8 13. axb5 axb5 14. Rxa8 Bxa8 15. Qe2 Nbd7 16. Qxb5 Qb8 17. Na3 Nc5 18. Bc2 Qa7 19. Nc4 Rb8 20. Nxb6 Rxb6 21. Qc4 c6 22. dxc6 Rxc6 23. Bb3 Nxb3 24. Qxb3 Rb6 25. Qc2 Qa2 26. Nd2 d5 27. exd5 Qxd5 28. Nf3 e4 29. Nd4 Nh5 30. Be3 Rg6 31. c4 Qd7 32. Kh2 f5 33. c5 f4 34. c6 Bxc6 35. Nxc6 Rxc6 36. Qb3+ Kh7 37. Bc1 Qf5 38. Qb4 Re6 39. Qd4 f3 40. b3 fxg2 41. Bb2 Qf4+ 42. Kxg2 Qg5+ 43. Kh2 Rg6 0-1

[Event "Titled Tuesday intern op 7th April"]
[Site "Chess.com INT"]
[Date "2020.04.07"]
[Round "4"]
[White "Yang, Kevin S"]
[Black "Artemyeva, Olga"]
[Result "1-0"]
[WhiteElo "2275"]
[BlackElo "2265"]
[PlyCount "81"]
[EventDate "2020.04.07"]
[EventType "swiss (blitz)"]
[EventRounds "10"]
[EventCountry "USA"]
[SourceTitle "EXT 2021"]
[Source "ChessBase"]
[SourceDate "2020.10.23"]
[SourceVersion "1"]
[SourceVersionDate "2020.10.23"]
[SourceQuality "1"]

1. Nf3 c5 2. c4 d6 3. Nc3 Nc6 4. a3 e5 5. d3 g6 6. h4 Bg7 7. h5 Be6 8. Rb1 Nf6 9. h6 Bf8 10. b4 Nd4 11. Bg5 Nxf3+ 12. gxf3 Be7 13. bxc5 dxc5 14. Rxb7 Qa5 15. Qd2 Qxa3 16. Bg2 Bc8 17. Rxe7+ Kxe7 18. Nd5+ Kd6 19. Bxf6 Qa1+ 20. Qd1 Qxd1+ 21. Kxd1 Re8 22. Kc2 Rb8 23. Ra1 a6 24. e3 Bb7 25. f4 exf4 26. Nxf4 Bxg2 27. Nxg2 Rb6 28. Nf4 Ra8 29. Nd5 Rb7 30. f4 a5 31. Nc3 Ke6 32. Ne4 Rc7 33. Be5 Rc6 34. Ng5+ Kf5 35. e4+ Kg4 36. Nxh7 a4 37. Nf6+ Kf3 38. h7 Ke2 39. Ng8 a3 40. h8Q a2 41. Qh2+ 1-0

[Event "Titled Tuesday intern op 3rd March"]
[Site "Chess.com INT"]
[Date "2020.03.03"]
[Round "1"]
[White "Artemyeva, Olga"]
[Black "Kiewra, Keaton F"]
[Result "0-1"]
[WhiteElo "2306"]
[BlackElo "2371"]
[PlyCount "108"]
[EventDate "2020.03.03"]
[EventType "swiss (blitz)"]
[EventRounds "10"]
[EventCountry "USA"]
[SourceTitle "EXT 2021"]
[Source "ChessBase"]
[SourceDate "2020.10.23"]
[SourceVersion "1"]
[SourceVersionDate "2020.10.23"]
[SourceQuality "1"]

1. e4 c5 2. Nf3 d6 3. d4 Nf6 4. Nc3 cxd4 5. Nxd4 g6 6. Be2 Bg7 7. 0-0 0-0 8. Be3 Nc6 9. Nb3 Be6 10. f4 Rc8 11. Kh1 Na5 12. Nxa5 Qxa5 13. Bd3 Ng4 14. Bg1 Nf6 15. f5 Bc4 16. Ne2 Bxd3 17. cxd3 Rc7 18. Qb3 Rfc8 19. Nf4 gxf5 20. Nh5 fxe4 21. Nxg7 Kxg7 22. dxe4 Qe5 23. Rf5 Qxe4 24. Qg3+ Kh8 25. Rf4 Rg8 26. Rxe4 Rxg3 27. Rxe7 Rxe7 28. hxg3 b6 29. Bd4 Re6 30. Rf1 Kg7 31. g4 Kg6 32. Rf5 Nxg4 33. Rd5 h5 34. Bg1 f6 35. g3 Re2 36. Rxd6 Rxb2 37. Bd4 Rxa2 38. Rd7 Kf5 39. Re7 Ra4 40. Bg1 Ne5 41. Rh7 Kg6 42. Re7 Ra1 43. Kg2 Ra2+ 44. Kf1 Nf3 45. Be3 Ng5 46. Rd7 Kf5 47. Re7 Kg4 48. Bf2 Nh3 49. Re4+ Kf5 50. Re2 Rxe2 51. Kxe2 Nxf2 52. Kxf2 a5 53. Ke2 a4 54. Kd2 Kg4 0-1

[Event "Titled Tuesday intern op1 3rd March  "]
[Site "Chess.com INT"]
[Date "2020.03.03"]
[Round "9"]
[White "Artemyeva, Olga"]
[Black "Stead, Kerry"]
[Result "0-1"]
[WhiteElo "2268"]
[BlackElo "1978"]
[PlyCount "54"]
[EventDate "2020.03.03"]
[EventType "swiss (blitz)"]
[EventRounds "10"]
[EventCountry "USA"]
[SourceTitle "EXT 2021"]
[Source "ChessBase"]
[SourceDate "2020.10.23"]
[SourceVersion "1"]
[SourceVersionDate "2020.10.23"]
[SourceQuality "1"]

1. b3 d5 2. Bb2 c5 3. g3 Nc6 4. Bg2 e5 5. e3 Be6 6. Ne2 f6 7. d3 Nge7 8. Nd2 Qd7 9. 0-0 g5 10. f4 gxf4 11. exf4 Rg8 12. Nf3 d4 13. c3 Bh3 14. cxd4 Bxg2 15. Kxg2 exd4 16. Rc1 b6 17. a3 Nd5 18. Nexd4 Ne3+ 19. Kh1 Nxd1 20. Nxc6 Qxc6 21. Rcxd1 0-0-0 22. d4 Kb7 23. Rc1 Be7 24. Kg1 Rge8 25. dxc5 Bxc5+ 26. Bd4 Rxd4 27. Nxd4 Bxd4+ 0-1